000 01108nas a2200337 4500
001 BR9210656
003 BR-BrBNA
005 20231205093415.0
007 ta
008 230509b bl.|||p| |||| 00| 00por d
040 _aBR-BrBNA
_bpor
_cBiblioteca Nacional de Agricultura
041 _a(Pt)
072 _aF04
100 1 _aCarvalho, M.M.
100 1 _aBotrel, M. de A.
100 1 _aCruz Filho, A.B. da
245 1 _aEstudo exploratorio de um latossolo vermelho-amarelo da zona dos Campos das Vertentes, Minas Gerais
246 1 _aExploratory soil fertility study of a red-yellow latosol from the Campos das Vertentes of Minas Gerais, Brazil
650 _aCAPIM GORDURA
650 _aCALOPOGONIO
650 _aADUBACAO
650 _aFOSFORO
650 _aNITROGENIO
650 _aENXOFRE
650 _aCALAGEM
650 _aLATOSSOLO VERMELHO AMARELO
650 _aMINAS GERAIS
773 0 _tRevista da Sociedade Brasileira de Zootecnia (Brazil)
_xISSN 0100-4859
_g(Mar-Apr 1992), v. 21(2) p. 320-328
_wBR9210656
909 _a202311
_bLúcia
_c55
_dLúcia Elande
942 _2AGRIS
_n0
_cANA
999 _c138122
_d138122